| 000 | 00512 a2200169 4500 | ||
|---|---|---|---|
| 999 |
_c559 _d559 |
||
| 020 | _a9780224091046 | ||
| 050 | _aDS 135.A93 | ||
| 100 |
_aSegev, Tom _eauthor |
||
| 245 |
_aSimon Wiesenthal: _bthe life and legends/ _cTom Segev |
||
| 264 |
_aLondon; _bJonathan Cape, _c2010. |
||
| 300 | _a482p. | ||
| 500 | _aIncludes bibliographic references and index | ||
| 650 |
_aHistory _xSimon Wiesenthal -- Biography |
||
| 650 | _aPolitics and government | ||
| 651 | _aMiddle East/ Asia | ||
| 942 |
_2lcc _cBK _h135.A93 _iSEG _kDS |
||